000 00767nam a22002057a 4500
005 20100724152615.0
010 _aENG-96674
020 _a9788189833961
_c240.00
035 _aEN-80207
037 _bDBAD/PUB
082 _a954.035
100 _aRandhir Singh
_91428
245 _aIndian politics today:
_bAn argument for socialism-oriented path of development /
_cby Randhir Singh
260 _aDelhi
_bAakar Books
_c2009
270 _a28 E Pocket IV, Mayur Vihar Phase I
_bDelhi
_e110091
300 _a119p.
_c22cm. (Hb)
505 _aT. Nagi Reddy Memorial Lecture
942 _2ddc
_cEN
_h954.035
_mRAN
999 _c37593
_d37593